000 01070nam a2200301 a 4500
003 MX-MxUPN
005 20250808063909.0
008 991125s1900 mx br 000 0 spa d
035 _aUPN01000013218
040 _aMX-MxUPN
_bspa
_cMX-MxUPN
041 _aspa
050 4 _aLB1589 M6.1
_bP33
100 1 _aOscoy, Andrés
_931054
100 1 _aPaluzié, José
_951922
245 1 0 _aCurso elemental de problemas y ejercicios de aritmética :
_binstructivos y divertidos : primero y segundo año
246 1 4 _aProblemas primero y segundo años
260 _aMéxico :
_bHerrero Hermanos Editores,
_c1900.
300 _a75 páginas
490 0 _aBiblioteca de la juventud escolar
500 _a"con cuestiones sobre industria, comercio, etc."
650 4 _aAritmética
_xEstudio y enseñanza (Elemental)
_95289
650 4 _aMatemáticas
_xEstudio y enseñanza (Elemental)
_92809
650 4 _aMatemáticas
_vLibros de texto
_919875
650 4 _aAritmética
_944734
_vLibros de texto
902 _bMaríaRobles/130524
905 _aLibro
942 _2lcc
_cLIBRO
_n0
999 _c13218
_d13218